00593nam a22002057a 4500003000500000005001700005008004100022010001000063011001000073035001000083040000900093100002200102245005600124260004800180300002000228490003200248650005300280650002200333830003200355CHAP20220329135425.0971013s1982 r 00010 d a36234 a37206 a41325 cCHAP00aOrlandi, Alberto. aAmérica Latina y la economía mundial del café aSantiago de Chile :bNaciones Unidas,c1982 a104 p.b: ilus. aCuadernos de la CEPALv; 4214aCaféxAspectos económicosxAmérica Latina.14aCaféxMercadeo.0 aCuadernos de la CEPALv; 42